01770nam a2200349 i 4500001001000000003000900010005001700019007000300036008004100039020001800080040003000098082001400128100004400142245005800186264007100244300002500315336002700340337003400367338002800401490002400429500007100453585006200524590002700586910001400613942001400627952015600641952016400797952014800961952015401109952014001263999001701403000027344DO-SdBNP20231204122615.0ta100804s2010 dr r 000 j spa d a9789945870756 aDO-SdBNPbspacBNPHUerda bR696s2221 aRodríguez, Maximiliano,d1982-95442210aSegunda columna vertebral /cMaximiliano Rodríguez. 1aSanto Domingo :bDirección General de la Feria del Libro,c2010. a62 páginasc23 cm. 2rdacontentatextobtxt 2rdamediaasin mediación bn 2rdacarrieravolumenbnc aEdiciones Ferilibro aIncluye datos biografícos del autor en la solapa de la portada.  aPremio Internacional de Cuento Joven Feria del Libro 2009 aInventariado, 2023/ YL aYLockward 2ddccLBS1 00102ddc56708DSaBNPHUbBNPHUcHDd2010-11-17eDeposito LegaliLF1l0oxxxx R696sp27344-30r2020-06-25te. 3w2020-06-25yLBS1ZPréstamo en sala 00102ddc56708DSaBNPHUbBNPHUcHDd2013-10-21eAlfonso QuiñonesiLF1l0oBNPHU DS R696sp27344-40r2020-06-25te. 4w2020-06-25yLBS1ZPréstamo en sala 00102ddc51708PDaBNPHUbBNPHUcHDd2010-11-17eDeposito LegaliLF1l0oBNPHU PD R696sp27344-10r2020-06-25w2020-06-25yLBS1ZNo se presta 00102ddc51708PDaBNPHUbBNPHUcHDd2010-11-17eDeposito LegaliLF1l0oBNPHU PD R696sp27344-20r2020-06-25te. 2w2020-06-25yLBS1ZNo se presta 00102ddc56708DSaBNPHUbBNPHUcHDd2023-08-15eIsabel MedinaiLF1l0oBNPHU DS R696sp2023-8297r2023-12-07te. 5w2020-06-25yLBS1 c26836d26836